Statistics for Fill-in-the-Blank - Film Titles Story

Click here to take the quiz!

General Stats

  • This quiz has been taken 6 times
  • The average score is 15 of 31

Answer Stats

Film Titles% Correct
there were {SEVEN}(5) of them, came to earth.
83%
in a car {CRASH}(5).
67%
It was getting dark and as the aliens flew {UP}(2) into...
67%
it was very bland so they added some {SALT}(4).
67%
{SHREK}(5) - a grumpy troll.
67%
The children, named {SPEED}(5), because she was fast and...
67%
They met animals such as {BAMBI}(5) - a friendly fawn,
67%
A group of {ALIENS}(6) known as the 'Dwarfs', as...
50%
a pair of {TWINS}(5) who needed help.
50%
bag of {FROZEN}(6) vegetables in the forest and...
50%
{CARS}(4) zooming past on the road in the distance.
50%
{DUMBO}(5) - a little grey pachyderm and...
50%
got {TANGLED}(7) in the branches.
50%
the Dwarfs told them to be {BRAVE}(5) because they will go on a scary journey.
50%
Their very pale friend, who they called {GHOST}(5), was with them and...
50%
The path became very {ROCKY}(5) and dangerous, one of the aliens kept...
50%
The saw {PLANES}(6) flying in the sky and...
50%
They also {SAW}(3) a...
50%
Unfortunately, there were no locomotives so they couldn't do any {TRAINSPOTTING}(13).
50%
a stone as a {MEMENTO}(7).
33%
caught their jumper on a {HOOK}(4) attached to a branch.
33%
cooked {RATATOUILLE}(11) for the aliens but...
33%
{CRANK}(5), because he was bad tempered, had been...
33%
decided to {CARRIE}(6) the child down.
33%
He started to {SCREAM}(6) as his jumper...
33%
{ONE} {DAY}(3,3) the Dwarfs stumbled upon...
33%
The aliens were really {GOODFELLAS}(10) and one of them...
33%
their {FLIGHTPLAN}(10) was correct so they would find their way home.
33%
The {KIDS}(4) found a...
33%
the {TWILIGHT}(8), the children hoped...
33%
{WILLOW}(6) tree hanging over a river and one of the boys...
33%

Score Distribution

Percentile by Number Answered

Percent of People with Each Score

Your Score History

You have not taken this quiz